Open world <the> truth about globalisation
Uložené v:
| Hlavný autor: | |
|---|---|
| Médium: | Kniha |
| Jazyk: | English |
| Vydavateľské údaje: |
London
ABACUS
2002
|
| Predmet: | |
| Tagy: |
Žiadne tagy, Buďte prvý, kto otaguje tento záznam!
|
MARC
| LEADER | 00000nam$a2200000$$$4500 | ||
|---|---|---|---|
| 001 | 0105330 | ||
| 005 | 20240311125622.7 | ||
| 020 | |a 0-349-11644-X | ||
| 041 | 0 | |a eng | |
| 044 | |a GB | ||
| 245 | 1 | 0 | |a Open world |b <the> truth about globalisation |c Philippe Legrain |
| 264 | 1 | |a London |b ABACUS |c 2002 | |
| 300 | |a 367 s. | ||
| 610 | 2 | 0 | |a globalizácia |
| 610 | 2 | 0 | |a chudoba |
| 610 | 2 | 0 | |a financovanie |
| 610 | 2 | 0 | |a financie medzinárodné |
| 610 | 2 | 0 | |a kultúra |
| 610 | 2 | 0 | |a politika |
| 610 | 2 | 0 | |a politika medzinárodná |
| 100 | 1 | |a Legrain, Philippe | |